Представление документа в формате RUSMARC

ПолеНазваниеЗначение
  Тип записи a
  Библиографический уровень m
001 Контрольный номер RU/УОНБ/EK_R/403810671
005 Дата корректировки 20240130235510.1
010 Индекс ISBN __
d Цена 60 к.
9 Тираж 500 экз.
100 Данные общей обработки __
a Данные общей обработки 20121013d1989 k h0rusy0189||||ca
101 Язык документа 0_
a Язык текста rus
102 Страна публикации __
a Страна публикации RU
105 Кодированные данные (монография) __
a Кодированные данные (монография) y z 100yy
200 Заглавие и сведения об ответственности 1_
a Заглавие Географический анализ природных и социально-экономических образований
e Сведения, относящиеся к заглавию тез. к межвуз. науч.-практ. конф., окт. 1989 г.
f Первые сведения об ответственности АН СССР, Геогр. о-во СССР, Рязан. отд., Ком. по географии природ. ресурсов и хоз-ва Рязан. обл. орг. Союза науч. и инж. о-в СССР, Рязан. гос. пед. ин-т им. С.А. Есенина
g Последующие сведения об ответственности науч. ред. А.П. Лиферов [и др.]
210 Выходные данные 1_
a Место издания Рязань
d Дата издания 1989
215 Физическое описание __
a Объем 101, [1] с.
d Формат 21 см
606 Тематические рубрики 0_
a Основная рубрика География
j Формальный подзаголовок Тезисы докладов
610 Ключевые слова 0_
a Ключевые слова географический фактор
610 Ключевые слова 0_
a Ключевые слова экономическая география
610 Ключевые слова 0_
a Ключевые слова народное хозяйство СССР
610 Ключевые слова 0_
a Ключевые слова тезисы докладов
610 Ключевые слова 0_
a Ключевые слова межвузовские сборники
610 Ключевые слова 0_
a Ключевые слова конференции
610 Ключевые слова 0_
a Ключевые слова научно-практические конференции
610 Ключевые слова 0_
a Ключевые слова материалы научных конференций
610 Ключевые слова 0_
a Ключевые слова природные образования
610 Ключевые слова 0_
a Ключевые слова социально-экономические образования
610 Ключевые слова 0_
a Ключевые слова географическое положение
675 Индекс УДК __
a Индекс УДК 91
686 Индексы других классификаций __
a Классификационный индекс 26.89
2 Код системы rubbk
702 Вторичная интеллектуальная ответственность _1
a Фамилия Лиферов
b Имя (инициалы) А.П.
4 Код отношения 340
801 Источник записи _0
a Страна RU
b Организация Ульяновская ОНБ
c Дата составления 20121013
g Правила каталогизации RCR
801 Источник записи _1
a Страна RU
b Организация Ульяновская ОНБ
c Дата составления 20121013
g Правила каталогизации RCR
901 Тип документа __
t Тип документа m
909 Создатель записи __
a Создатель записи Ломовцева
938 Служебная информация __
a Имя БД retro
b Имя библиотеки УОНБ
c Имя АИБС МАРК-SQL
d Номер DOC_ID в БД 48530